Statistics for Guess the Kpop Group by Song

Click here to take the quiz!

General Stats

  • This quiz has been taken 10,115 times
  • The average score is 17 of 53

Answer Stats

SongGroup% Correct
Blood Sweat & TearsBTS
98%
Russian RouletteRed Velvet
85%
Mr. MrGirls Generation
71%
Adore USeventeen
71%
Haru HaruBIGBANG
69%
If You DoGOT7
66%
4 Wallsf(x)
62%
What Is LoveEXO
59%
NoNoNoAPink
58%
NAVILLERAGFriend
58%
Heart AtackAOA
52%
HushMiss A
52%
Hate4Minute
51%
Shake ItSistar
50%
Sugar FreeT-ARA
48%
My House2PM
47%
EvanesceSuper Junior
47%
So HotWonder Girls
45%
ColorfulSHINee
41%
StepKARA
38%
All InMonsta X
38%
I WaitDAY6
37%
InsaneBTOB
36%
The ChaserINFINITE
36%
On And OnVIXX
33%
Feel So GoodB.A.P
31%
Tell ThemBlock B
27%
Nothing LastsGirls Day
24%
Before U GoTVXQ!
24%
ConfessionAstro
23%
CinderellaCNBLUE
22%
MidnightB2ST
19%
CloserOh My Girl
19%
Tried To WalkB1A4
18%
Good Bye ByeNU'EST
18%
JANUSBoyfriend
16%
Hurt LockerNINE MUSES
15%
This LoveSHINHWA
15%
I HopeFT Island
14%
StalkerU-KISS
13%
I Wanna LoveTEEN TOP
11%
BACK AGAINKNK
10%
Black SwanRainbow
8%
Falling In LoveUNIQ
8%
The Ghost Of WindZE:A
8%
Play With MeCROSS GENE
7%
I'm In LoveSecret
7%
Baby I'm SorryMYNAME
5%
Hurry Up24K
4%
Bad Boy100%
3%
One LoveF.CUZ
1%
Day By DayHIGH4
1%
Left OutThe Legend
1%

Score Distribution

Percentile by Number Answered

Percent of People with Each Score

Your Score History

You have not taken this quiz